| 000 | 00356nam a22001577a 4500 | ||
|---|---|---|---|
| 003 | SGT | ||
| 020 | _a978-0-07-179675-0 | ||
| 082 |
_a617.9 _bS14B |
||
| 100 | _aBRUNICARDI,CHARLES | ||
| 245 | _aSCHWARTZ'S PRINCIPLES OF SURGERY | ||
| 250 | _a10TH | ||
| 260 |
_aNEW DELHI _bM.C GRAW HILLS _c2014 |
||
| 300 | _a2067 | ||
| 650 | _aAYURVEDA | ||
| 942 |
_2ddc _cBK |
||
| 999 |
_c14734 _d14734 |
||